000 01046nam a22002297a 4500
999 _c6606
_d6606
003 OSt
005 20200227114801.0
008 200227s2019 ck d|||fr|||| 00| 0 spa d
020 _a9789589608326
040 _aCO-JMCR
_cCO-JMCR
082 0 4 _a332.1702854678 /
_bA837s
110 1 _aAsociación Nacional de Instituciones Financieras,
_eautor
_9960
245 4 _aLos servicios financieros digitales :
_ben América Latina
_cInvestigación realizada por Anif para FELABAN- CAF
260 _aBogotá :
_bAnif,
_c2019
300 _a209 páginas :
_bgráficos a color ;
_c21 cm.
505 _aResultados de la encuesta de Banco Digital para América Latina -- Resultados de la encuesta de Banca Digital por país
520 _aEste documento analiza el grado de poder disruptivo de la aplicación de las tecnologías de punta sobre las transacciones financieras a nivel global.
546 _aspa
650 2 4 _2Banca por Internet
_zAmérica Latina
_9961
650 2 4 _2Servicios financieros
_xEstadísticas
_yAmérica Latina
_9962
942 _2ddc
_cBK